LEADER 00736nam a2200205 i 4500 001 000000175519 003 CaOOAMICUS 005 20081111000000.0 008 081111s1942 it u000 u fre u 013 $a153000 040 $aSeMil$bita 245 10$aLivre 3. 300 $aVIII, 160 p. 490 0 $aCollection des Universités de France 500 $aContiene : Appendice. 773 0 $aLivius, Titus <59 a.C.-17.d.C.>$tHistoire romaine.$dParis : Les Belles Lettres, 1942.$gTome3$w()20255 830 0$aCollection des Universités de France.$0(OLS)http://semarc/title/6036 850 $aSeMil 852 $aSeMil$W1$xVenegono$y1$m1X I 114$j126341$B126341$CSeMilBibl$Z2$F137075 $81 996 $6245$aLivre 3$9(OLS)http://semarc/title/12545 LEADER 01182nam a2200253 i 4500 001 000000124388 003 CaOOAMICUS 005 20251204115527.0 008 040420s1986 it u000 u ita u 013 $a97085 040 $aSeMil$bita 100 1 $aArtioli, Nerio.$0(OLS)http://semarc/name/47657 245 14$aGli affreschi di Camillo Procaccini e Bernardino Campi in San Prospero di Reggio Emilia /$cNerio Artioli ; Elio Monducci. 264 1$a[Reggio Emilia] :$bCassa di Risparmio di Reggio Emilia,$c1986. 300 $a295 p. :$briccamente ill. ;$c34 cm. 650 4$aReggio Emilia - Chiese - San Prospero - Affreschi.$0(OLS)http://semarc/subject/51955 700 1 $aMonducci, Elio.$0(OLS)http://semarc/name/51673 850 $aSeMil 852 $aSeMil$W1$xVenegono$y1$m5H X 7$j78975$B78975$CSeMilBibl$Z2$F82148 $8I 941 1 $a4 961 $aOmaggio: Martini Card. Carlo Maria 996 $6245$aGli affreschi di Camillo Procaccini e Bernardino Campi in San Prospero di Reggio Emilia$9(OLS)http://semarc/title/183054 996 $6264$a[Reggio Emilia] :$bCassa di Risparmio di Reggio Emilia$9(OLS)http://semarc/publisher/46179